000 00309nam a2200133 i 4500
001 bg
100 1 _aSZTUMSKI, Janusz
245 0 _aKonflikt w miejscu pracy /
_cJanusz Sztumski.
260 _aWarszawa,
_c1978.
040 _cBPK
041 _apol
942 _cKS
008 s pl f |000 0 pol
999 _c21424
_d21424
856 _uhttp://koha.tu.koszalin.pl/cgi-bin/koha/opac-detail.pl?biblionumber=21424
_yKatalog online BPK